000 00850cam0a220024100 4500
001 lce00862974
008 730807c19731974caua b 001 0 eng
010 _a 73013647
020 _a0716708388
_a071670837X (pbk.)
035 _a(Sirsi) r33170
035 _a(DLC) 73013647
035 _a(UPRA)lce00862974
050 0 _aHA29
_b.W523
082 _a001.4/22
100 1 _aWillemsen, Eleanor Walker, 1938-
_dWillemsen, Eleanor Walker, 1938-
_6A96894.1
245 1 0 _aUnderstanding statistical reasoning;
_bhow to evaluate research literature in the behavioral sciences.
260 _aSan Francisco,
_bW. H. Freeman
_c[1973, c1974]
490 0 _aA Series of books in psychology
_6S19697.2
504 _aIncludes bibliographical references.
650 0 _aStatistics.
_6S176.1
949 _aHA29
_wlcc
_i-38350
_mMAIN
_tBOOK
_lON-SHELF
004 33170
999 _c62850
_d62850